Online
Catalog

Ley 176-07 del distrito nacional y los municipios y legislación complementaria. (Record no. 46130)

MARC details
000 -CABECERA
campo de control de longitud fija 01120nam a2200217 a 4500
001 - NÚMERO DE CONTROL
campo de control 000046641
005 - FECHA Y HORA DE LA ÚLTIMA TRANSACCIÓN
campo de control 20201002053022.0
008 - DATOS DE LONGITUD FIJA--INFORMACIÓN GENERAL
campo de control de longitud fija 180314s2016 dr 000 0 spa d
020 ## - NÚMERO INTERNACIONAL ESTÁNDAR DEL LIBRO
Número Internacional Estándar del Libro 9789945906875
040 ## - FUENTE DE LA CATALOGACIÓN
Centro catalogador/agencia de origen DO-SdBNP
Lengua de catalogación spa
Centro/agencia transcriptor BNPHU
082 ## - NÚMERO DE LA CLASIFICACIÓN DECIMAL DEWEY
Número de clasificación xxx
Número de documento/Ítem xxx
110 1# - ENTRADA PRINCIPAL--NOMBRE DE ENTIDAD CORPORATIVA
Nombre de entidad corporativa o nombre de jurisdicción como elemento de entrada República Dominicana
9 (RLIN) 447
240 10 - TÍTULO UNIFORME
Título uniforme [Leyes, etc.]
245 10 - MENCIÓN DE TÍTULO
Título Ley 176-07 del distrito nacional y los municipios y legislación complementaria.
250 ## - MENCIÓN DE EDICIÓN
Mención de edición edición 35 aniversario
260 ## - PUBLICACIÓN, DISTRIBUCIÓN, ETC.
Lugar de publicación, distribución, etc. Santo Domingo, :
Nombre del editor, distribuidor, etc. Dalis,
Fecha de publicación, distribución, etc. 2016.
300 ## - DESCRIPCIÓN FÍSICA
Extensión 295 p. ;
Dimensiones 21 cm.
500 ## - NOTA GENERAL
Nota general Modificada por las leyes 341-09 y 10-15. Revisada con las leyes 311-14, 543-12, 41-08, 498-06, 423-06, 340-06, 6-06, 200-04, 126-01, 87-01, 64-00 y los decretos 251-15, 543-12, 528-09, 527-09, 525-09, 523-09; Legislación complementaria : Leyes 170-07, 166-03, 163-01, 120-99, 23-98, 17-97, 83-89, 233-71, 127-67, 673-65, 6232-63, 4429-56, 3896-54, 675-44, 459-43, 49-39, 809-35, 2334-1885; Partes Constitución vigente, Dec. 543-12, 340-06
500 ## - NOTA GENERAL
Nota general Incluye referencias bibliográficas y notas al pie de las paginas
590 ## - NOTA LOCAL (RLIN)
Nota local Inventariado, 2018/MFF
Holdings
Estado de retiro Estado de pérdida Restricciones de uso No para préstamo Código de colección Localización permanente Ubicación/localización actual Ubicación en estantería Fecha de adquisición Número de inventario Total de préstamos Signatura topográfica completa Código de barras Fecha visto por última vez Número de copia Precio válido a partir de Tipo de ítem Koha
        Dominicana de Servicio General General Depósito 14.03.2018 LF1   xxx xxx 46641-30 25.06.2020 e. 3 25.06.2020 Libro y Folleto Colección Dominicana de Servicio
      Excluido de préstamo Patrimonio Dominicano Patrimonio Dominicano Patrimonio Dominicano Depósito 14.03.2018 LF1   xxx xxx 46641-10 25.06.2020   25.06.2020 Libro y Folleto Colección Patrimonio Dominicano
      Excluido de préstamo Patrimonio Dominicano Patrimonio Dominicano Patrimonio Dominicano Depósito 14.03.2018 LF1   xxx xxx 46641-20 25.06.2020 e. 2 25.06.2020 Libro y Folleto Colección Patrimonio Dominicano

Powered by Koha